| 000 | 01792nam0a2200373 4500 | ||
|---|---|---|---|
| 001 | RU\NLR\bibl\1366957 | ||
| 005 | 20260405145032.0 | ||
| 010 |
_a978-5-9532-0539-9 _930000 |
||
| 021 |
_aRU _b2009-19408 _91153 |
||
| 035 | _a(nilc)EL/0000268402 | ||
| 035 | _aRUM0055807 | ||
| 035 | _a(NLR Aleph) 001359110 | ||
| 090 |
_a969802 _c969802 |
||
| 100 | _a20090406d2009 |||y0rusy50 ca | ||
| 101 | 0 | _arus | |
| 102 | _aRU | ||
| 105 | _aa ||||||||| | ||
| 200 | 1 |
_aПрактикум по ремонту машин _eучебное пособие для студентов высших учебных заведений, обучающихся по специальности "Технология обслуживания и ремонта машин в АПК" _f[Е. А. Пучин и др.] _gпод ред. проф. Е. А. Пучина |
|
| 210 |
_aМосква _cКолосС _d2009 |
||
| 215 |
_a326, [1] c. _cил. _d22 |
||
| 225 | 1 | _aУчебники и учебные пособия для студентов высших учебных заведений | |
| 225 | 1 | _aУчебник | |
| 320 | _aБиблиогр.: с. 324-325 | ||
| 606 | 1 |
_aСельскохозяйственные машины и орудия _jУчебные издания для высших учебных заведений _xРемонт _9982413 _3RU\NLR\auth\66369969 |
|
| 686 |
_a68.85.83.31 _2rugasnti |
||
| 686 | _aП072-083я73 | ||
| 702 | 1 |
_4220 _8rus _7ca _aПучин _bЕ. А. _gЕвгений Александрович _3RU\NLR\auth\7760541 _943472 |
|
| 801 | 0 |
_aRU _bЦНСХБ РАСХН _c20090406 _gRCR |
|
| 801 | 1 |
_aRU _bЦНСХБ РАСХН _c20090406 |
|
| 801 | 2 |
_aRU _bЦНСХБ РАСХН _c20090519 _2rusmarc |
|
| 801 | 2 |
_aRU _bNLR _c20090507 _grcr |
|
| 942 | _cBOOK | ||
| 980 | _aNB | ||